000 00820cam a2200277 4500
008 090401t1999 xxu||||| |||| 00| 0 eng d
020 _a0632038179
035 _a(Sirsi) u96906
041 _aeng
050 _a347.4107
100 _aHibberd, P.R.
245 _aADR and adjudication in construction disputes
260 _bBlackwell Scientific
_c1999
300 _axi, 305p. ; 25cm.
350 _a32.51
650 _aCONSTRUCTION DISPUTES
650 _aMANAGEMENT-DISPUTE AVOIDANCE, MANAGEMENT AND RESOLUTION-DISPUTE MANAGEMENT AND RESOLUTION-ARBITRATION
650 _aLITIGATION
650 _aMEDIATION
650 _aALTERNATIVE DISPUTE RESOLUTION
650 _aALTERNATIVE DISPUTE RESOLUTION
690 _aDispute resolution
_96236
700 _aNewman, Paul
942 _n0
948 _c04/03/1997
999 _c98717
_d98717